000 02573cam a2200313 4500500
005 20260524000624.0
041 _afre
042 _adc
100 1 0 _aBerko, Milena
_eauthor
700 1 0 _aSmaniotto, Barbara
_eauthor
245 0 0 _aDe la « monstration » du traumatisme précoce à sa re-mise en scène : fonctions du thérapeute dans le jeu libre
260 _c2026.
500 _a75
520 _aÀ partir d’un dispositif de jeu libre proposé à une enfant ayant vécu des traumatismes relationnels précoces, cet article interroge les étapes antérieures et intermédiaires au processus de symbolisation. Plus précisément, le devenir des traces traumatiques précoces est questionné au regard des fonctions incarnées tour à tour par le thérapeute. Ce dernier serait ainsi tantôt envisagé comme « témoin-passivé », « témoin-voyant », « témoin-regardant », avant d’être investi comme un « thérapeute-partenaire du jeu ».
520 _aBased on a free play setting offered to a child who experienced early relational traumas, this article examines the preliminary and intermediate stages of the symbolization process. More specifically, the fate of early traumatic traces is questioned in light of the functions embodied in turn by the therapist. The latter would thus be considered sometimes as a “passivated witness,” “seeing witness,” “watching witness,” before being invested as a “therapist-partner in play.”
520 _aA partir de un dispositivo de juego libre propuesto a una niña que vivió traumas relacionales precoces, este artículo interroga las etapas anteriores e intermedias al proceso de simbolización. Más precisamente, el devenir de las huellas traumáticas precoces es cuestionado en relación con las funciones encarnadas sucesivamente por el terapeuta. Este último sería así considerado tanto como “testigo-pasivado”, “testigo-vidente”, “testigo-mirante”, antes de ser investido como un “terapeuta-compañero del juego”.
690 _afonctions du thérapeute
690 _ajeu libre
690 _asymbolisation
690 _atémoin
690 _atraumatismes relationnels précoces
690 _aearly relational traumas
690 _afree play
690 _asymbolization
690 _atherapist’s functions
690 _awitness
786 0 _nLa psychiatrie de l'enfant | 69 | 1 | 2026-05-05 | p. 49-64 | 0079-726X
856 4 1 _uhttps://shs.cairn.info/revue-la-psychiatrie-de-l-enfant-2026-1-page-49?lang=fr&redirect-ssocas=7080
999 _c2252070
_d2252070